000 00678nam a22001217a 4500
040 _cRUA
082 _aAVM SAM 2025 B705 Or.1
100 _aSAMITH ​​ SEYMA, សាមីត សីម៉ា
245 _aCase of escherichia coli resistance to antibiotics in piglets at sangkat kbal khoh, khan chbar ampov, phnom penh, ករណី Escherichia coli ស៊ាំនឹងឳសថអង់ទីប៊ីយ៉ូទិក លើកូនជ្រូក នៅសង្កាត់ក្បាលកោះ ខណ្ឌច្បារអំពៅ រាជធានីភ្នំពេញ
260 _aPHNOM PENH
_bRUA
_c2025
300 _aix, 41p.
_bill.
_c29cm.
942 _cAVM
999 _c25801
_d25801